Teatro peruano contemporáneo (Registro nro. 245)

Detalles MARC
000 -Cabecera
Campo de control interno 00725nam a2200217Ia 4500
005 - Fecha y hora del registro
control field 20251203123021.0
008 - Elementos de Longitud Fija
fixed length control field 251203t1948||||xx |||||||||||||| ||spa||
041 ## - Idioma
Codigo Idioma ESP
082 ## - DEWEY y NOTACIÓN INTERNA
Dewey 869.502
Notación Interna M64
100 ## - AUTOR
Autor denominación Miró Quesada Sosa, Aurelio,
Títulos y otras palabras asociadas con el nombre prólogo
245 #0 - TÍTULO DE MATERIAL BIBLIOGRÁFICO
Título Teatro peruano contemporáneo
Título paralelo
260 ## - CIUDAD, EDITORIAL, AÑO
Ciudad Lima :
Nombre de la Editorial Editorial Huascarán,
Año 1948
300 ## - DESCRIPCIÓN
N° Páginas 324 páginas :
Otros detalles
Dimensiones 21 cm.
Material Adicional
440 ## - MENCIÓN DE SERIE
Título de la Serie
Número de Serie
Volumen de Serie
505 ## - TABLA DE CONTENIDO
Tabla de Contenido Contiene: Don Quijote / Juan Ríos. – Esa luna que empieza / Percy Gibson Parra. – Amor, gran laberinto / Sebastián Salazar Bondy. (Tres premios nacionales)
650 ## - TEMAS
Temas Literatura
653 ## - DESCRIPTORES
Lenguajes no controlado Literatura peruana; Teatro peruano
654 ## - PROGRAMAS
Programa Todos los programas
942 ## - ELEMENTOS DE KOHA
Tipo de documento Libro
Nombre del creador Justo Noguera
Código de catalogador Margarita Torres
Esquema de clasificación Dewey Decimal Classification
Suppress in OPAC
Existencias
Codigo completo Registro Colección Copia número Disponibilidad Tipo de préstamo Biblioteca Actual Procedencia (Biblioteca) Ubicacón Fecha Ingreso Tipo de Adquisición Date last seen Total checkouts Price effective from Tipo de Item Estado del Material Fuente de Clasificación Damaged status Withdrawn status
869.502 M64 1085118 Colección Vera Bejar 1   Restringido Víctor Andrés Belaunde Víctor Andrés Belaunde Planta baja cerrada 03/12/2025 Donación 03/12/2025   03/12/2025 Libro Regular Dewey Decimal Classification   Withdrawn